000 01637nam0a2200325 i 4500
001 RU\NLR\bibl\1943975
005 20260406044430.0
010 _a9785750113170
_9300
021 _aRU
_b2012-60445
_94431
035 _a(NLR Aleph) 001933220
090 _a3464398
_c3464398
100 _a20120912d2011 k y0rusy50 ca
101 0 _arus
102 _aRU
105 _aa |||||||||
200 1 _aОсвоение трудноизвлекаемых запасов нефтяных месторождений с применением энерго- и ресурсосберегающих технологий
_fВ.Е. Андреев, Ю.А. Котенев, Р.Р. Хузин
_gАкад. наук Респ. Башкортостан, Отд-ние наук о Земле и природ. ресурсов АН РБ
210 _aУфа
_cГилем
_d2011
215 _a352 с.
_cил., цв. ил.
_d20
606 1 _aНефть
_xДобыча
_xЭнергосберегающие технологии
_92254079
_3RU\NLR\auth\661351887
686 _aИ361
700 1 _4070
_8rus
_7ca
_aАндреев
_bВ. Е.
_cд-р техн. наук, нефтяник
_f1955-
_gВадим Евгеньевич
_3RU\NLR\auth\774295
_9114277
701 1 _4070
_7ca
_8rus
_aКотенев
_bЮ. А.
_cд-р техн. наук, канд. геол.-минерал. наук
_f1961-
_gЮрий Алексеевич
_96914
_3RU\NLR\AUTH\7723861
701 1 _aХузин
_bР. Р.
_gРинат Раисович
_4070
801 0 _aRU
_bNLR
_c20120912
_gRCR
801 1 _aRU
_bNLR
_c20120912
830 _aпо кн
942 _cBOOK
980 _aNBR